Fundamentals of gas dynamics (Record no. 5053)

000 -LEADER
fixed length control field 00573nam a2200205 4500
001 - CONTROL NUMBER
control field 5053
003 - CONTROL NUMBER IDENTIFIER
control field BD-DhUET
008 - FIXED-LENGTH DATA ELEMENTS--GENERAL INFORMATION
fixed length control field 750724s1964 paua b 000 0 eng
040 ## - CATALOGING SOURCE
Original cataloging agency DLC
Transcribing agency FQG
Modifying agency BD-DhUET
082 ## - DEWEY DECIMAL CLASSIFICATION NUMBER
Classification number 533
Item number OWC/1964
100 1# - MAIN ENTRY--PERSONAL NAME
Personal name Owczarek, Jerzy A.
245 10 - TITLE STATEMENT
Title Fundamentals of gas dynamics
250 ## - EDITION STATEMENT
Edition statement 1st ed.
260 ## - PUBLICATION, DISTRIBUTION, ETC. (IMPRINT)
Place of publication, distribution, etc. Scranton
Name of publisher, distributor, etc. International Textbook Company
Date of publication, distribution, etc. 1964
300 ## - PHYSICAL DESCRIPTION
Extent xxii, 648 p.
Other physical details ill.
Dimensions 24 cm.
490 1# - SERIES STATEMENT
Series statement International textbooks in mechanical engineering
504 ## - BIBLIOGRAPHY, ETC. NOTE
Bibliography, etc Includes bibliographies
650 #0 - SUBJECT ADDED ENTRY--TOPICAL TERM
Topical term or geographic name as entry element Gas dynamics
942 ## - ADDED ENTRY ELEMENTS (KOHA)
Koha item type General Book
Holdings
Not for loan Withdrawn status Damaged status Source of classification or shelving scheme Copy number Koha full call number Price effective from Koha normalized classification for sorting Location (home branch) Shelving location Koha date last seen Lost status Piece designation (barcode) Koha item type Koha issues (times borrowed) Sublocation or collection (holding branch) Koha date last borrowed Date acquired
    1533/OWC/19642014-11-24533_000000000000000_OWC_1964Central Library, BUETCirculation section2014-11-24 79296General Book Central Library, BUET 2014-11-24
    2533/OWC/19642015-03-09533_000000000000000_OWC_1964Central Library, BUETCirculation section2018-11-19 19017General Book1Central Library, BUET2018-11-142015-03-09